[Event "TCh-SWE Elitserien 2010-11"]
[Site "Sweden SWE"]
[Date "2010.10.09"]
[Round "2"]
[White "Lejlic,S"]
[Black "Eksmyr,J"]
[Result "1-0"]
[WhiteElo "2361"]
[BlackElo "2179"]

1.d4 Nf6 2.Bg5 e6 3.e4 h6 4.Bxf6 Qxf6 5.Nc3 d6 6.Qd2 g6 7.O-O-O Nd7 8.h4 h5
9.f4 Qe7 10.Nb5 Nf6 11.Qa5 b6 12.Qc3 Kd8 13.d5 Bh6 14.dxe6 Bxf4+ 15.Kb1 Rf8
16.e5 fxe6 17.exf6 Rxf6 18.Nxc7 Be5 19.Qc6 Rb8 20.Nf3 Rxf3 21.gxf3 Bb7 22.Qc4 Qxc7
23.Qxe6 Bxf3 24.Qxe5 Bxd1 25.Qh8+ Ke7 26.Qg7+ Kd8 27.Qf8+ Kd7 28.Bb5+ Ke6
29.Re1+ Kd5 30.Rxd1+ Kc5 31.Qf1  1-0

[Event "I Memorial Oliver Gonzalez"]
[Site "Madrid ESP"]
[Date "2010.10.12"]
[Round "4"]
[White "Bandres Carballo,J"]
[Black "Rasskin Friederichs,I"]
[Result "1-0"]
[WhiteElo "2201"]
[BlackElo "1905"]

1.d4 Nf6 2.Bg5 e6 3.Nf3 d5 4.e3 c5 5.Nbd2 cxd4 6.exd4 Nc6 7.c3 Be7 8.Bd3 Qc7
9.O-O Ng4 10.Bxe7 Nxe7 11.h3 Nh6 12.Ne5 g6 13.Qf3 O-O 14.Qf4 Nhf5 15.Nxg6 Qxf4
16.Nxf4 Bd7 17.Nf3 f6 18.Rfe1 Kf7 19.g4 Nd6 20.Bxh7 Rh8 21.Bd3 Rag8 22.Re2 Ne4
23.Rae1 Bc6 24.c4 Ng6 25.Nxg6 Rxg6 26.Kg2 Rgh6 27.h4 Rg8 28.Kh3 Rgh8 29.b4 Ng5+
30.Nxg5+ fxg5 31.h5 Bd7 32.Kg3 dxc4 33.Bxc4 Rc8 34.Bb3 Rf6 35.Re3 Rf4 36.d5 e5
37.f3 Kf6 38.Rxe5 Rc3 39.R5e3 Rc8 40.h6  1-0

[Event "GM"]
[Site "Skanderborg DEN"]
[Date "2010.10.16"]
[Round "1"]
[White "Berg,K"]
[Black "Petkov,V"]
[Result "1/2-1/2"]
[WhiteElo "2417"]
[BlackElo "2513"]

1.d4 Nf6 2.Bg5 e6 3.e4 h6 4.Bxf6 Qxf6 5.Nc3 Bb4 6.Qd3 c5 7.e5 Qd8 8.dxc5 Qa5
9.Ne2 Nc6 10.f4 b6 11.O-O-O O-O 12.Qb5 Bxc5 13.g3 Ba6 14.Qxa5 Nxa5 15.Bg2 Rad8
16.Nd4 Nc4 17.Bf3 Ne3 18.Rd2 Bb4 19.Nde2 d6 20.a3 Bxc3 21.Nxc3 Nc4 22.Re2 dxe5
23.b3 Nxa3 24.Rxe5 Rc8 25.Kb2 b5 26.Rc1 b4 27.Na2 Rb8 28.Ra5 Bb7 29.Be2 Be4
30.Nxb4 Rxb4 31.Rxa3 Rb7 32.c4 Rd8 33.Rd1 Rxd1 34.Bxd1 Rd7 35.Kc1 Kf8 36.Bc2 Bg2
37.Kb2 Ke7 38.b4 g5 39.Kc3 f5 40.c5 Bf1 41.Ra1 Bb5 42.Ba4 Bxa4 43.Rxa4 e5
44.fxe5 Ke6 45.c6 Rf7 46.Kd4 f4 47.gxf4 gxf4 48.Ra6 Rc7 49.b5 f3 50.Ke4 f2
51.Ra1 Rg7 52.Rf1 Rg4+ 53.Kd3 Rf4 54.Ke2 Rf5 55.Rc1 f1=Q+ 56.Rxf1 Rxe5+ 57.Kd3 Rxb5
58.Kc4 a6 59.Rd1 Rb6 60.Kc5 Rb5+ 61.Kc4 Rb6  1/2-1/2

[Event "Lichtenrader Herbst"]
[Site "Berlin GER"]
[Date "2010.10.20"]
[Round "5"]
[White "Muskewitz,B"]
[Black "Meissner,HJ"]
[Result "0-1"]
[WhiteElo "2026"]
[BlackElo "2233"]

1.d4 Nf6 2.Bg5 e6 3.e4 h6 4.Bxf6 Qxf6 5.Nf3 d6 6.Be2 Nd7 7.O-O e5 8.c3 g6
9.Nbd2 Bg7 10.b4 O-O 11.d5 Qd8 12.Ne1 f5 13.f3 Nf6 14.c4 h5 15.Qb3 Bh6 16.Rd1 Bxd2
17.Rxd2 fxe4 18.Qe3 exf3 19.gxf3 Bf5 20.Bd3 Kh7 21.Rg2 Ng8 22.Kh1 Qf6 23.Rfg1 Ne7
24.Rg5 Rg8 25.f4 exf4 26.Qxf4 Raf8 27.Bxf5 Nxf5 28.Nf3 Nh6 29.Qxf6 Rxf6 30.R5g3 Nf5
31.Ng5+ Kh6 32.R3g2 Re8 33.Ne6 c6 34.Nf4 Nh4 35.Re2 Rxe2 36.Nxe2 cxd5 37.cxd5 Rf2
38.Nd4 Rd2 39.Nb3 Rxa2 40.Rf1 Rb2 41.Nd4 Rxb4 42.Ne6 a5 43.Kg1 Nf5 44.Rc1 Nd4
45.Nf8 Ne2+  0-1

[Event "Lichtenrader Herbst"]
[Site "Berlin GER"]
[Date "2010.10.24"]
[Round "9"]
[White "Boettcher,P"]
[Black "Powierski,E"]
[Result "1/2-1/2"]
[WhiteElo "2177"]
[BlackElo "1978"]

1.d4 Nf6 2.Bg5 e6 3.e4 h6 4.Bxf6 Qxf6 5.Nc3 d6 6.Qd2 c6 7.f4 g5 8.g3 gxf4
9.gxf4 Qh4+ 10.Qf2 Qxf2+ 11.Kxf2 b6 12.Nf3 Nd7 13.Rd1 Bb7 14.d5 exd5 15.exd5 c5
16.Ne4 Be7 17.Bh3 Nf6 18.Rhe1 Kf8 19.c4 Ba6 20.Nfd2 b5 21.Bf1 b4 22.Kf3 Bc8
23.Nxf6 Bxf6 24.Ne4 Be7 25.Rd2 Rg8 26.Rg2 Rxg2 27.Kxg2 Bf5 28.Ng3 Bh4 29.Re3 Bxg3
30.hxg3 Re8 31.Rxe8+ Kxe8 32.Be2 Ke7 33.g4 Bb1 34.a3 bxa3 35.bxa3 Kf6 36.Kg3 Kg6
37.Kh4 f6 38.Bf1 f5 39.g5 hxg5+ 40.fxg5 f4 41.Kg4 f3 42.Kxf3 Kxg5 43.Be2 Kf5
44.Ke3 Be4 45.Bd1 Ke5 46.Bb3 Bb1 47.Bd1 Ba2 48.Be2 Bb3 49.Bf1 Bd1 50.Bd3 Bg4
51.Bf1  1/2-1/2

[Event "Uxbridge Premier"]
[Site "Denham ENG"]
[Date "2010.10.26"]
[Round "4"]
[White "Foo,William"]
[Black "De Coverly,R"]
[Result "0-1"]
[WhiteElo "1895"]
[BlackElo "2082"]

1.d4 Nf6 2.Bg5 e6 3.e3 c5 4.c3 Be7 5.Bd3 b6 6.Nd2 Bb7 7.e4 cxd4 8.cxd4 h6
9.Bxf6 Bxf6 10.Ne2 O-O 11.O-O d6 12.f4 Nc6 13.Nf3 Rc8 14.a3 Na5 15.Ng3 Rc7
16.Nh5 g6 17.Nxf6+ Qxf6 18.f5 exf5 19.exf5 g5 20.Kh1 Nc4 21.Qe2 Re7 22.Qf2 Ne3
23.Rfe1 Rfe8 24.Re2 Ng4 25.Qf1 Rxe2 26.Bxe2 Qxf5 27.Bd3 Qf4 28.Qg1 Bxf3 29.Rf1 Qxh2+
30.Qxh2 Nxh2 31.Kxh2 Be4 32.Bc4 d5 33.Bb3 Kg7 34.Rc1 Re6 35.Rc7 Rf6 36.Kg1 g4
37.Bd1 h5 38.g3 a6 39.Rc3 Kg6 40.Bc2 Bxc2 41.Rxc2 Kg5 42.Re2 Re6 43.Rf2 f5
44.Kg2 Re4 45.Rd2 h4 46.gxh4+ Kxh4 47.Kf2 f4  0-1

[Event "Spartak GM"]
[Site "Subotica SRB"]
[Date "2010.10.27"]
[Round "6"]
[White "Boskovic,D"]
[Black "Nadj Hedjesi,B"]
[Result "1/2-1/2"]
[WhiteElo "2417"]
[BlackElo "2407"]

1.d4 Nf6 2.Bg5 e6 3.Nd2 h6 4.Bh4 c5 5.e4 cxd4 6.e5 g5 7.Bg3 Nd5 8.h4 gxh4
9.Rxh4 Nc6 10.Bc4 Nde7 11.Bd3 Qa5 12.Qh5 d6 13.Nf3 Bg7 14.Kf1 Nf5 15.Nc4 Qd5
16.Bxf5 Qxc4+ 17.Bd3 Qd5 18.Rg4 Bxe5 19.Bxe5 dxe5 20.Ng5 Bd7 21.Nxf7 e4 22.Ne5+ Kd8
23.Rxe4 Kc7 24.Rae1 Raf8 25.Bc4 Qc5 26.Qe2 Nxe5 27.Rxe5 Qd6 28.Bxe6 Bc6 29.Qc4 Kb8
30.Bd5 Bxd5 31.Qxd5 Qa6+ 32.Kg1 Rd8 33.Qb3 d3 34.cxd3 Rxd3 35.Re8+ Rxe8 36.Rxe8+ Kc7
37.Qc2+ Qc6 38.Re7+ Kd8 39.Qxc6 bxc6 40.Re6 Rd1+ 41.Kh2 Rd2 42.f4 c5 43.b3 Rxa2
44.Rxh6 Kd7 45.Kh3 Rb2 46.g3 Rxb3 47.Rh7+ Kd6 48.Rxa7 c4 49.Ra8 Rb7 50.Rd8+ Rd7
51.Re8 c3 52.Re1 c2 53.g4 Rc7 54.Rc1 Ke6 55.Kg3 Rc3+ 56.Kf2 Kf6 57.Ke2 Rc4
58.Ke3 Kg6 59.Kd3 Rxf4  1/2-1/2

[Event "Chigorin Mem Classic Open"]
[Site "St Petersburg RUS"]
[Date "2010.10.28"]
[Round "1"]
[White "Eliseev,Alexe"]
[Black "Obrezchikov,M"]
[Result "1-0"]
[WhiteElo "2398"]
[BlackElo "1996"]

1.d4 Nf6 2.Bg5 e6 3.Nd2 Be7 4.e4 d6 5.Bd3 Nbd7 6.Ngf3 e5 7.Qe2 exd4 8.Nxd4 Ne5
9.O-O-O h6 10.Bh4 a6 11.f4 Nxd3+ 12.Qxd3 Bg4 13.N2f3 d5 14.Bxf6 gxf6 15.h3 Bxf3
16.Qxf3 c5 17.Nf5 d4 18.Ng7+ Kf8 19.Nf5 h5 20.Qg3 Rh7 21.Kb1 Bd6 22.c3 Qc7
23.Rhf1 Re8 24.cxd4 Rxe4 25.Qd3 Rxf4 26.Nxd6 Rxf1 27.Rxf1  1-0

[Event "Chigorin Mem Classic Open"]
[Site "St Petersburg RUS"]
[Date "2010.10.28"]
[Round "1"]
[White "Salov,Vi"]
[Black "Bove,A"]
[Result "0-1"]
[WhiteElo "1983"]
[BlackElo "2397"]

1.d4 Nf6 2.Bg5 e6 3.e4 h6 4.Bxf6 Qxf6 5.Nf3 Nc6 6.c3 d6 7.Nbd2 Be7 8.Bd3 e5
9.d5 Nb8 10.O-O O-O 11.Nc4 Qg6 12.Ne3 Bg5 13.Nf5 Bd8 14.Kh1 Qh7 15.g4 g6
16.Ne3 Bg5 17.Rg1 Nd7 18.Ng2 Nf6 19.h3 Bd7 20.Qc2 Rae8 21.b4 c6 22.dxc6 Bxc6
23.c4 b6 24.Qe2 Bf4 25.Rad1 Rd8 26.Bc2 Rfe8 27.a3 Qg7 28.Ngh4 Nh7 29.Bb1 Qf6
30.Ng2 Kg7 31.Ne3 Bxe3 32.Qxe3 Qe6 33.Ba2 Nf6 34.Nd2 h5 35.f3 hxg4 36.hxg4 Rh8+
37.Kg2 Nxg4 38.fxg4 Qxg4+ 39.Kf2 Rh2+ 40.Ke1 Re2+ 41.Qxe2 Qxg1+ 42.Nf1 Qh1
43.Bb1 f5 44.c5 Bxe4 45.Bxe4 Qh4+ 46.Qf2 Qxe4+ 47.Qe3 Qh4+ 48.Ke2 bxc5 49.bxc5 Qc4+
50.Ke1 f4 51.Qd3 Qxc5 52.Rb1 Rc8 53.Rb7+ Kf6 54.Qa6 Qd5 55.Rf7+ Kxf7 56.Qxc8 Qe4+  0-1

[Event "20th World Seniors"]
[Site "Arco ITA"]
[Date "2010.10.29"]
[Round "4"]
[White "Dragasevic,S"]
[Black "Bondar,L"]
[Result "1-0"]
[WhiteElo "2277"]
[BlackElo "2035"]

1.d4 Nf6 2.Bg5 e6 3.Nd2 h6 4.Bh4 c5 5.e3 b6 6.Ngf3 Bb7 7.Bd3 d5 8.c3 Be7
9.O-O Nbd7 10.Ne5 Ne4 11.Bxe7 Qxe7 12.Nxe4 dxe4 13.Bb5 Bc8 14.dxc5  1-0

[Event "Chigorin Mem Classic Open"]
[Site "St Petersburg RUS"]
[Date "2010.11.01"]
[Round "5"]
[White "Vlasenko,M"]
[Black "Svidinsky,D"]
[Result "1-0"]
[WhiteElo "2355"]
[BlackElo "2172"]

1.d4 Nf6 2.Bg5 e6 3.e4 h6 4.Bxf6 Qxf6 5.Nc3 d6 6.Qd2 Nc6 7.O-O-O g5 8.Qe3 Bg7
9.Nge2 Bd7 10.h4 g4 11.f4 gxf3 12.gxf3 h5 13.f4 a6 14.Rg1 Bh6 15.d5 Ne5 16.Bh3 Qxh4
17.Kb1 b6 18.Rh1 Qe7 19.Qd4 Ng6 20.dxe6 fxe6 21.f5 Ne5 22.fxe6 Bxe6 23.Bxe6 Qxe6
24.Nd5 Kd7 25.Qc3 Rac8 26.Nd4 Qg6 27.Rhg1 Bg5 28.Qh3+ Kd8 29.Rxg5  1-0

[Event "Chigorin Mem Classic Open"]
[Site "St Petersburg RUS"]
[Date "2010.11.01"]
[Round "5"]
[White "Korobov,A"]
[Black "Hamitevici,V"]
[Result "1-0"]
[WhiteElo "2670"]
[BlackElo "2415"]

1.d4 Nf6 2.Bg5 e6 3.Nf3 c5 4.e3 b6 5.c4 Be7 6.Nc3 O-O 7.Bd3 Bb7 8.O-O h6
9.Bh4 d5 10.Qe2 Nbd7 11.Rad1 a6 12.a4 Ne4 13.Bg3 Nxg3 14.hxg3 Qc7 15.cxd5 exd5
16.Bb1 c4 17.e4 dxe4 18.Nxe4 Nf6 19.Nc3 Bxf3 20.gxf3 Rfe8 21.Qc2 g6 22.b3 Kg7
23.bxc4 Qxc4 24.Ba2 Qb4 25.Rd3 Bd8 26.Rb1 Qd6 27.Rdd1 Qd7 28.d5 Qd6 29.Qb2 Kg8
30.Qb4 Qxb4 31.Rxb4 b5 32.axb5 Ba5 33.Ne4 Nxe4 34.Rxe4 axb5 35.d6 Bc3 36.d7 Rf8
37.Bd5 Rad8 38.Bc6 b4 39.Rd3 Kg7 40.f4 Rb8 41.Re8 Bf6 42.Rb3 Bc3 43.Kf1 f5
44.Ke2 Kf7 45.Bd5+ Kf6 46.Re6+ Kg7 47.Re7+ Kf6 48.Rh7 Rbd8 49.Rb1 h5 50.Rh1 Rb8
51.Bb3 Bd4 52.Rc1  1-0

[Event "Chigorin Mem Classic Open"]
[Site "St Petersburg RUS"]
[Date "2010.11.01"]
[Round "5"]
[White "Pankov,Ger"]
[Black "Petrosian,DG"]
[Result "1/2-1/2"]
[WhiteElo "2350"]
[BlackElo "2487"]

1.d4 Nf6 2.Bg5 e6 3.e4 d5 4.Nc3 dxe4 5.Nxe4 Be7 6.Bxf6 Bxf6 7.Nf3 Nd7 8.Qd2 O-O
9.O-O-O b6 10.h4 Bb7 11.Qf4 Be7 12.Bd3 c5 13.dxc5 Qb8 14.Qxb8 Rfxb8 15.Neg5 Nf8
16.Ne5 Bxc5 17.Ngxf7 Bxf2 18.Kb1 Rc8 19.Nd6 Bg3 20.Nec4 b5 21.Na5 Bxg2 22.Nxc8 Bxh1
23.Ne7+ Kf7 24.Rxh1 Kxe7 25.Be4 Rc8 26.Nc6+ Kd6 27.Nxa7 Rc5 28.Bd3 b4 29.Nb5+ Ke7
30.h5 Nd7 31.a4 bxa3 32.bxa3 Nf6 33.h6 gxh6 34.Rxh6  1/2-1/2

[Event "14th OIBM"]
[Site "Bad Wiessee GER"]
[Date "2010.11.02"]
[Round "5.36"]
[White "Schulz,Ju3"]
[Black "Schmitz,Th"]
[Result "0-1"]
[WhiteElo "2175"]
[BlackElo "2320"]

1.d4 Nf6 2.Bg5 e6 3.Nd2 c5 4.e3 d5 5.c3 Be7 6.Bd3 O-O 7.Ngf3 Nbd7 8.h4 b6
9.g4 Bb7 10.Qb1 Nxg4 11.Bxh7+ Kh8 12.Rg1 f5 13.Bg6 Ndf6 14.Bxf6 Bxf6 15.Qd3 a5
16.Qf1 Qe7 17.Qh3 Nh6 18.O-O-O a4 19.a3 Rac8 20.Kb1 Ba6 21.Bh5 Bd3+ 22.Ka2 b5
23.Ne1 Bc4+ 24.Nxc4 bxc4 25.Nf3 Rb8 26.Nd2 Rb5 27.Rb1 Rfb8 28.Qf1 Qb7 29.Qc1 Bxh4
30.Rg2 Bf6 31.Bf3 Qc7 32.Bd1 Qa7 33.f4 Be7 34.Rh2 Bd6 35.Nf3 Qc7 36.Bc2 R5b6
37.Qh1 Bf8 38.Ne5 cxd4 39.exd4 Kg8 40.Ng6 Qb7 41.Qc1 Bd6 42.Bd1 Bxa3 43.Kxa3 Rb3+
44.Ka2 a3 45.Bxb3 cxb3+ 46.Ka1 a2 47.Qf1 axb1=Q+ 48.Kxb1 Qa7 49.Qd3 Qa2+
50.Kc1 Qa1+ 51.Qb1 Qa6 52.Kd2 Ra8 53.Ne5 Qa1 54.Rh1 Qxb1 55.Rxb1 Nf7 56.Nxf7 Kxf7
57.Kd3 Rh8 58.Re1 Rh2 59.Re2 Rxe2 60.Kxe2 g5  0-1

[Event "20th World Seniors"]
[Site "Arco ITA"]
[Date "2010.11.06"]
[Round "11"]
[White "Rukavina,J"]
[Black "Pritchett,C"]
[Result "1-0"]
[WhiteElo "2423"]
[BlackElo "2314"]

1.d4 Nf6 2.Bg5 e6 3.Nd2 h6 4.Bh4 d5 5.e3 c5 6.c3 Nc6 7.f4 Be7 8.Bd3 Bd7 9.Nh3 Qb6
10.Rb1 Rc8 11.Qe2 a6 12.O-O O-O 13.Kh1 Rfe8 14.Bxf6 Bxf6 15.Qh5 cxd4 16.exd4 Nd8
17.Rf3 Bb5 18.Nf2 Qa5 19.a3 Bxd3 20.Rxd3 Qa4 21.Ng4 Qc2 22.Nxf6+ gxf6 23.Rg3+ Kf8
24.Qxh6+ Ke7 25.f5 exf5 26.Qe3+ Kd7 27.Qd3 Qxd3 28.Rxd3 Re2 29.Rf1 Ke6 30.Kg1 Rc6
31.Rf4 Re1+ 32.Kf2 Rh1 33.Nf1 Rb6 34.Rd2 Ke7 35.g3 Ne6 36.Rxf5 Ng5 37.Kg2 Ne4
38.Re2 Ke6 39.Rf4 Rxf1 40.Kxf1 f5 41.Ke1 Rc6 42.Kd1 a5 43.Re3 a4 44.Ref3 Nd6
45.Rh4 Rb6 46.Kc1 f6 47.Rh7 Rb3 48.h4 b5 49.Ra7 Nc4 50.Rf2 b4 51.Re2+ Kd6
52.cxb4 Rxg3 53.Ra6+ Kd7 54.Rxf6 Rg1+ 55.Kc2 Nd6 56.h5 Nb5 57.Rd2 Rg4 58.h6 Nxd4+
59.Rxd4 Rxd4 60.Rxf5 Ke6 61.Rh5 Rc4+ 62.Kd3 Rc8 63.h7 Rh8 64.Kd4  1-0

[Event "TCh-CZE 2010-11"]
[Site "Frydek Mistek CZE"]
[Date "2010.11.06"]
[Round "1.1"]
[White "Yemelin,V"]
[Black "Kanovsky,D"]
[Result "1/2-1/2"]
[WhiteElo "2572"]
[BlackElo "2497"]

1.d4 Nf6 2.Bg5 e6 3.Nd2 d5 4.e3 Be7 5.Bd3 Nc6 6.Ngf3 Nd7 7.Bxe7 Qxe7 8.O-O O-O
9.c4 Nb4 10.Bb1 c5 11.a3 Nc6 12.dxc5 Nxc5 13.Qc2 g6 14.b4 Nd7 15.Ba2 dxc4
16.Qxc4 Nf6 17.b5 Na5 18.Qb4 Qd8 19.Rfd1 Nd5 20.Bxd5 exd5 21.Ne4 Be6 22.Qc3 f6
23.Nd4 Bg4 24.f3 Rc8 25.Qb4 Rc4 26.Qe1 Bc8 27.Nc3 Re8 28.Nde2 Be6 29.Nf4 d4
30.Ne4 Bf5 31.exd4 Bxe4 32.fxe4 Rxd4 33.Nd5 Rexe4 34.Rxd4 Rxd4 35.Nxf6+ Qxf6
36.Qxa5 Rd3 37.Re1 Qd4+ 38.Kh1 Rd1 39.b6 axb6 40.Qa8+ Kg7 41.Qxb7+ Kh6 42.Qe7 Rxe1+  1/2-1/2

[Event "TCh-NOR Attack-serien 2010-11"]
[Site "Oslo NOR"]
[Date "2010.11.06"]
[Round "2"]
[White "Demac,E"]
[Black "Thorstensen,T"]
[Result "1-0"]
[WhiteElo "2246"]
[BlackElo "2250"]

1.d4 Nf6 2.Bg5 e6 3.e4 h6 4.Bxf6 Qxf6 5.c3 b6 6.Nd2 Bb7 7.Bd3 c5 8.Ngf3 cxd4
9.cxd4 Nc6 10.e5 Qd8 11.O-O Nb4 12.Be4 Bxe4 13.Nxe4 Be7 14.Nc3 d5 15.Rc1 Qd7
16.a3 Nc6 17.b4 O-O 18.Qb3 Rac8 19.Rc2 a6 20.Ne2 Na7 21.Rfc1 Rxc2 22.Rxc2 Rc8
23.Rxc8+ Qxc8 24.g3 Qc4 25.Qxc4 dxc4 26.Nd2 b5 27.Nb1 Nc6 28.f4 Nxb4 29.axb4 Bxb4
30.Kf2 Kf8 31.Ke3 Ke8 32.Ke4 f5+ 33.exf6 gxf6 34.d5 Kd7 35.Nd4 exd5+ 36.Kxd5 h5
37.f5 Be1 38.Nf3 Bf2 39.Nfd2 Bg1 40.Ne4 Kc7 41.Nxf6 a5 42.Ne4 a4 43.Nbc3 Kb6
44.f6 Be3 45.f7 Bh6 46.Nd6 a3 47.Ndxb5 a2 48.Nxa2 Kxb5 49.h3 Kb6 50.g4 hxg4
51.hxg4 Kc7 52.g5 Bg7 53.Ke6  1-0

[Event "ch-ISR"]
[Site "Haifa ISR"]
[Date "2010.11.11"]
[Round "4.11"]
[White "Pasman,M"]
[Black "Rinberg,A"]
[Result "1-0"]
[WhiteElo "2366"]
[BlackElo "2302"]

1.d4 Nf6 2.Bg5 e6 3.e4 h6 4.Bxf6 Qxf6 5.c3 d6 6.Bd3 Nd7 7.Ne2 g5 8.Na3 h5
9.O-O Bh6 10.Nb5 Kd8 11.c4 a6 12.Nbc3 Nf8 13.c5 dxc5 14.e5 Qg7 15.Be4 Nd7
16.dxc5 Qxe5 17.c6 bxc6 18.Nd4 Ke8 19.Bxc6 Rb8 20.Re1 Qd6 21.Ne4 Qe5 22.Qa4 Bf8
23.Nf3 Qf4 24.Rad1 Bd6 25.g3  1-0

[Event "1st Open"]
[Site "Brno CZE"]
[Date "2010.11.20"]
[Round "9"]
[White "Buchnicek,P"]
[Black "Mrva,V"]
[Result "1-0"]
[WhiteElo "2309"]
[BlackElo "2128"]

1.d4 Nf6 2.Bg5 e6 3.e4 h6 4.Bxf6 Qxf6 5.Nc3 Bb4 6.Qd2 d5 7.e5 Qe7 8.a3 Bxc3
9.Qxc3 a5 10.Qg3 Qg5 11.f4 Qxg3+ 12.hxg3 b6 13.Bb5+ c6 14.Ba4 Ba6 15.Kd2 Bb5
16.Bxb5 cxb5 17.Ne2 Nc6 18.g4 O-O-O 19.Rh3 Kb7 20.Rah1 Rhe8 21.Rh5 Ne7 22.f5 Ng8
23.Nf4 Rc8 24.R5h3 Rc4 25.c3 b4 26.axb4 axb4 27.Ra1 bxc3+ 28.bxc3 Rc6 29.Rf3 Rc7
30.Ra3 Kc6 31.Rf1 Kd7 32.fxe6+ fxe6 33.Ng6 Kc6 34.Rf8 Rxf8 35.Nxf8 Rf7 36.Nxe6 Kd7
37.Nxg7 Rf2+ 38.Ke3 Rxg2 39.Ra7+ Kc6 40.Kf3 Rg1 41.Nf5 h5 42.gxh5 Rg5 43.Kf4 Rxh5
44.Rg7 Kb5 45.Rxg8  1-0

[Event "16th Asian Games Team Men"]
[Site "Guangzhou CHN"]
[Date "2010.11.24"]
[Round "7"]
[White "Nguyen Duc Hoa"]
[Black "Al Hadarani,H"]
[Result "1-0"]
[WhiteElo "2431"]
[BlackElo "2266"]

1.d4 Nf6 2.Bg5 e6 3.e4 h6 4.Bxf6 Qxf6 5.Nc3 Bb4 6.e5 Qe7 7.Qg4 Bxc3+ 8.bxc3 g6
9.Bd3 b6 10.Nf3 Bb7 11.a4 Nc6 12.O-O O-O-O 13.Nd2 h5 14.Qe2 d6 15.exd6 Qxd6
16.Ba6 Qd5 17.Bxb7+ Kxb7 18.Rfb1 a6 19.a5 Nxa5 20.Nb3 Nxb3 21.Qxa6+ Kc6 22.cxb3 Ra8
23.Qe2 Kb7 24.c4 Qf5 25.h3 Rhd8 26.Qe3 Rd7 27.Rc1 c6 28.b4 Rdd8 29.Qg3 Qe4
30.Rxa8 Rxa8 31.Qd6 Rc8 32.Ra1 Rc7 33.Qf8 Rc8 34.Qxf7+ Rc7 35.Qe8 Rc8 36.Qd7+ Rc7
37.Qd8 Rc8 38.Qf6 Rc7 39.c5 b5 40.Qd8  1-0

[Event "XXIII Belgrade Trophy"]
[Site "Obrenovac SRB"]
[Date "2010.11.26"]
[Round "3.75"]
[White "Djordjevic,Vu"]
[Black "Vucinic,G"]
[Result "0-1"]
[WhiteElo "1826"]
[BlackElo "2034"]

1.d4 Nf6 2.Bg5 e6 3.e4 c5 4.Bxf6 Qxf6 5.c3 Nc6 6.Nf3 cxd4 7.Nxd4 Bc5 8.Nf3 g5
9.h3 Ne5 10.Qe2 Nxf3+ 11.Qxf3 Qxf3 12.gxf3 b6 13.Nd2 Bb7 14.Nb3 Bd6 15.O-O-O Ke7
16.Nd4 Rad8 17.Kb1 Bf4 18.Bd3 d6 19.Rhe1 Kf6 20.Bb5 Rc8 21.Ne2 Be5 22.Nc1 Ke7
23.Nd3 Bf6 24.e5 dxe5 25.Nxe5 Rhd8 26.Rxd8 Rxd8 27.Nc6+ Bxc6 28.Bxc6 Rd2
29.Re3 h5 30.a4 h4 31.f4 Rxf2 32.fxg5 Bxg5 33.Rd3 Rd2 34.Rxd2 Bxd2 35.Kc2 Be1
36.Kd1 Bg3 37.Ke2 f5 38.c4 a5 39.Kd3 Bd6 40.Bb7 Bc5 41.Ke2 Kf6 42.Kf3 e5
43.Bd5 e4+ 44.Ke2 Ke5 45.Bg8 f4 46.Bh7 f3+ 47.Kf1 Kf4 48.Bg6 e3 49.Bd3 e2+
50.Ke1  0-1

[Event "XXIII Belgrade Trophy"]
[Site "Obrenovac SRB"]
[Date "2010.12.01"]
[Round "8.8"]
[White "Stojanovic,Mih"]
[Black "Pantelic,Sa"]
[Result "1-0"]
[WhiteElo "2582"]
[BlackElo "2382"]

1.d4 Nf6 2.Bg5 e6 3.e4 h6 4.Bxf6 Qxf6 5.Nf3 c5 6.c3 cxd4 7.cxd4 Bb4+ 8.Nc3 O-O
9.Rc1 Nc6 10.e5 Qd8 11.Bd3 d6 12.O-O dxe5 13.dxe5 Bxc3 14.Rxc3 Nb4 15.Be4 Nd5
16.Bxd5 exd5 17.Nd4 Qb6 18.Qd2 Bd7 19.Rb3 Qa6 20.Rg3 Kh8 21.f4 f6 22.Re1 fxe5
23.Rxe5 Qd6 24.Rb3 Bc6 25.h3 Rf6 26.Qe3 Raf8 27.f5 a5 28.Rd3 Kg8 29.Re6 Rxe6
30.fxe6 Qf4 31.e7 Qf1+ 32.Kh2 Re8 33.Nf3 Rxe7 34.Qxe7 Qxd3 35.Qd8+ Kh7 36.Qxa5 Qe4
37.Qd2 Qg6 38.a3 Qd6+ 39.Kg1 Qg6 40.Ne5 Qf6 41.Nf3 Qg6 42.Kf2 Qf5 43.b4 Kh8
44.Kg1 Qb1+ 45.Kh2 Qb3 46.Qc1 Qd3 47.Qb2 Qe3 48.b5 Qf4+ 49.Kg1 Bd7 50.Kf2 Bf5
51.Qe5 Qe4 52.Qxe4 Bxe4 53.Nd4 Bd3 54.Ke3 Bf1 55.Kf2 Bc4 56.a4 b6 57.Nf5 d4
58.Nxd4 Kg8 59.Nc6 Kf8  1-0

[Event "ch-RSSU"]
[Site "Moscow RUS"]
[Date "2010.12.03"]
[Round "3"]
[White "Potapov,Alexe"]
[Black "Iljin,A"]
[Result "1/2-1/2"]
[WhiteElo "2394"]
[BlackElo "2558"]

1.d4 Nf6 2.Bg5 e6 3.Nd2 h6 4.Bh4 c5 5.e3 Be7 6.c3 b6 7.Ngf3 Bb7 8.Bd3 O-O
9.O-O Nc6 10.Qe2 cxd4 11.exd4 Nh5 12.Bxe7 Nxe7 13.g3 Nf6 14.Ba6 Qc8 15.Bxb7 Qxb7
16.a4 Rfc8 17.Ne5 d6 18.Nd3 a6 19.Ra3 Nc6 20.Ne4 Nxe4  1/2-1/2

[Event "31st Crespi Memorial"]
[Site "Milan ITA"]
[Date "2010.12.04"]
[Round "1"]
[White "Vezzosi,P"]
[Black "Melotti,D"]
[Result "1-0"]
[WhiteElo "2379"]
[BlackElo "2087"]

1.d4 Nf6 2.Bg5 e6 3.e4 h6 4.Bxf6 Qxf6 5.Nc3 Bb4 6.Qd2 d5 7.e5 Qe7 8.a3 Bxc3
9.Qxc3 O-O 10.f4 b6 11.Nf3 c5 12.O-O-O Ba6 13.f5 Rc8 14.g4 Bc4 15.Bxc4 cxd4
16.Rxd4 b5 17.f6 Qf8 18.fxg7 Qxg7 19.g5 Rxc4 20.Rxc4 bxc4 21.Rg1 h5 22.Qb4 Nd7
23.Qb7 Nb6 24.a4 Re8 25.Qxa7 Nc8 26.Qd7 Kf8 27.a5 Qg6 28.a6 Qe4 29.Rf1 Qe3+
30.Nd2  1-0

[Event "TCh-BEL 2010-11"]
[Site "Belgium BEL"]
[Date "2010.12.05"]
[Round "5.4"]
[White "Laurent,B"]
[Black "Cekro,E"]
[Result "1/2-1/2"]
[WhiteElo "2336"]
[BlackElo "2381"]

1.d4 Nf6 2.Bg5 e6 3.e3 c6 4.Nf3 d5 5.Bd3 Nbd7 6.O-O h6 7.Bh4 Be7 8.c4 O-O
9.Nc3 c5 10.Qe2 cxd4 11.exd4 dxc4 12.Bxc4 Nd5 13.Bg3 N7f6 14.Rfe1 Bb4 15.Qd3 Bd7
16.Ne5 Rc8 17.Rac1 Bc6 18.Bb3 Qa5 19.Red1 Nxc3 20.bxc3 Ba3 21.Nxc6 Rxc6 22.Rc2 Bd6
23.c4 Bxg3 24.Qxg3 Rd8 25.h3 Qc7 26.Qe3  1/2-1/2

[Event "Open ch-Skopje"]
[Site "Skopje MKD"]
[Date "2010.12.09"]
[Round "6"]
[White "Pancevski,F"]
[Black "Mitkov,M"]
[Result "1-0"]
[WhiteElo "2403"]
[BlackElo "2410"]

1.d4 Nf6 2.Bg5 e6 3.e4 h6 4.Bxf6 Qxf6 5.Nf3 Nc6 6.Nc3 Bb4 7.a3 Bxc3+ 8.bxc3 e5
9.Bb5 O-O 10.O-O d6 11.Bxc6 bxc6 12.dxe5 dxe5 13.Qd3 Rd8 14.Qe3 Qd6 15.h3 f6
16.Rfb1 Kf7 17.Rb3 a5 18.c4 Be6 19.c5 Qe7 20.Rb7 Rab8 21.Rab1 Rd1+ 22.Rxd1 Rxb7
23.Nh4 Rb5 24.Nf5 Qxc5 25.Qf3 Qf8 26.Rd3 g6 27.Ne3 h5 28.Qd1 Kg7 29.Qd2 Qe7
30.Kh2 f5 31.exf5 gxf5 32.g3 Kg6 33.Ng2 Rd5 34.Nh4+ Kg7 35.Qe2 e4 36.Rc3 Rc5
37.Qe3 Rxc3 38.Qxc3+ Qf6 39.Qxa5  1-0

[Event "Moscow Teams"]
[Site "Moscow RUS"]
[Date "2010.12.11"]
[Round "3"]
[White "Gorbatov,A"]
[Black "Ulko,J"]
[Result "1/2-1/2"]
[WhiteElo "2382"]
[BlackElo "2456"]

1.d4 Nf6 2.Bg5 e6 3.Nf3 d5 4.e3 Be7 5.c4 O-O 6.Nc3 h6 7.Bh4 Ne4 8.Bxe7 Qxe7
9.Qc2 Nxc3 10.Qxc3 c6 11.Bd3 dxc4 12.Bxc4 Nd7 13.Be2 c5 14.Rc1 b6 15.O-O Bb7
16.Qa3 e5 17.dxc5 Nxc5 18.b4 Ne4 19.Qb2 Rad8 20.Rc2 Rc8 21.Rfc1 Rxc2 22.Rxc2 Re8
23.Bb5 Rd8 24.Be2 Re8 25.a3 Ng5 26.Nd2 Qd6 27.h4 Nh7 28.Nc4 Qg6 29.Bf1 Rc8
30.Rc1 Qf6 31.Rd1 Qxh4 32.Nd6 Rd8 33.Qb3 Rd7 34.Nxb7 Rxb7 35.Ba6 Rc7 36.Qd5 Qe7
37.Qa8+ Nf8 38.g3 Rd7 39.Rxd7 Qxd7 40.Bb7 a5 41.bxa5 bxa5 42.Bd5 Qc7 43.Qe8 g6
44.e4 Kg7 45.Kg2 Nh7 46.Kf3 Nf6 47.Qc6 Qxc6 48.Bxc6 Kf8 49.Ke3 Ke7 50.Kd3 Kd6
51.Bb5 Nd7 52.Bc4 Nc5+ 53.Ke3 Ke7 54.Bd5 f6 55.Kd2 f5 56.exf5 gxf5 57.Ke3 Kd6
58.Bg8 Ke7 59.Bc4 Kf6 60.Be2 Kg5 61.f4+ exf4+ 62.gxf4+ Kh4 63.Kd4 Ne4 64.Bf3 Ng3
65.a4 Kh3 66.Kc5 Nf1 67.Kb5 Kg3 68.Be2 Nd2 69.Kxa5 Kxf4 70.Kb6 Ke3 71.Bb5 Nb3
72.Bc4 Nd2 73.Bd5 Kd4 74.Kc6 f4 75.a5 Ne4 76.a6 f3 77.a7 f2 78.a8=Q f1=Q
79.Qa4+ Ke3 80.Qxe4+ Kd2 81.Qb4+ Ke3 82.Qc5+ Kd2 83.Bc4 Qf6+ 84.Kb5 Qb2+
85.Ka6 Qf6+ 86.Kb7 Qg7+  1/2-1/2

[Event "TCh-NED"]
[Site "Netherlands NED"]
[Date "2010.12.11"]
[Round "4.4"]
[White "Goossens,E"]
[Black "Paulet,I"]
[Result "1/2-1/2"]
[WhiteElo "2231"]
[BlackElo "2247"]

1.d4 Nf6 2.Bg5 e6 3.e4 d5 4.e5 h6 5.Be3 Nfd7 6.Nd2 c5 7.c3 Nc6 8.a3 a5 9.Bd3 cxd4
10.cxd4 Qb6 11.Ne2 Qxb2 12.O-O a4 13.f4 Qb6 14.Bf2 Be7 15.g4 Nf8 16.Qc2 Bd7
17.Rfb1 Qc7 18.Ra2 Rc8 19.Rc1 Qa5 20.Qb2 Nd8 21.Rxc8 Bxc8 22.Ng3 Nc6 23.f5 Bg5
24.Nf3 Bd8 25.Nh5 Rg8 26.Nf4 Qb6 27.Qe2 Qc7 28.Bb5 Qa5 29.Be1 Qa7 30.Nd3 Bd7
31.Nc5 Nxd4 32.Nxd4 Qxc5 33.Bf2 Bb6 34.Rc2 Bxb5 35.Qxb5+ Qxb5 36.Nxb5 Bxf2+
37.Kxf2 Kd8 38.Rc7 Nd7 39.Rxb7 exf5 40.gxf5 Re8 41.Nd6 Re7 42.f6 gxf6 43.exf6 Nxf6
44.Nxf7+ Ke8 45.Rxe7+ Kxe7 46.Nxh6 Kd6 47.Ke3 Kc5 48.Kd3 Nh5 49.Ng4 d4 50.Kc2 Kd5
51.Nf2 Nf4 52.Nd3 Ne6 53.Nb2 Nc5 54.Nd3 Ne6  1/2-1/2

[Event "Bansko Grand Chess Open"]
[Site "Bansko BUL"]
[Date "2010.12.17"]
[Round "7.5"]
[White "Danielsen,Hen"]
[Black "Strelnikov,S"]
[Result "1/2-1/2"]
[WhiteElo "2516"]
[BlackElo "2419"]

1.d4 Nf6 2.Bg5 e6 3.e3 h6 4.Bh4 c5 5.c3 b6 6.Nd2 Bb7 7.Ngf3 Be7 8.Bg3 Nh5
9.Bxb8 Qxb8 10.Bd3 Nf6 11.O-O O-O 12.Qe2 d6 13.e4 Rd8 14.a3 Nd7 15.b4 Qc7
16.Rfc1 Rac8 17.Qf1 Qb8 18.b5 cxd4 19.cxd4 Rxc1 20.Rxc1 Rc8 21.a4 Rc7 22.Nb3 Qc8
23.Qe1 Rxc1 24.Qxc1 Qxc1+ 25.Nxc1 g6 26.Nb3 f5 27.Nfd2 fxe4 28.Bxe4 Bxe4
29.Nxe4 d5 30.Nc3 Kf7 31.f4 Bd6 32.g3 Kf6 33.Kg2 g5 34.Kf3 gxf4 35.gxf4 Kf5
36.Ne2 h5 37.Nbc1 h4 38.Nd3 Nf6 39.Ne5 Ne4 40.h3 Nd2+ 41.Ke3 Nc4+ 42.Kf3 Nd2+
43.Ke3 Nc4+ 44.Kf3  1/2-1/2